000 00984nam a2200253 a 4500
001 BRCA_182
005 20190320202918.0
008 960916s1972 mx-a---##b---#001-0#spa-d
040 _aMnU
_beng
_cCaOTULAS
_dDLC
050 4 _aCJ1896
_b.S59 1972
100 1 _aSobrino, José Manuel
_9669
245 1 0 _aLa moneda mexicana
_bsu historia
_cpor José Manuel Sobrino ; fotos de Roberto Reyes Bernal.
260 _aMéxico
_bBanco de México
_c1972
300 _a331 p.
_bil.
_c24 cm.
500 _aIncluye índice alfabético
500 _aIncluye glosario de términos utilizados en la numismática de México
500 _aIncluye apéndices: Ordenanzas sobre la moneda de plata y vellán. Decreto de Morelos sobre acuñación de moneda. Reforma monetaria de 1905
504 _aBibliografía: p. 317-319.
650 1 4 _aMonedas mexicanas
_xHistoria
_9670
650 1 4 _aDinero
_xHistoria
_zMéxico
_9671
653 0 _aNumismática
700 1 _aReyes Bernal, Roberto
_9672
942 _2lcc
_cB
999 _c153
_d153